00397pab a2200145 454500008004000000100002200040245008600062260000900148300001300157362000800170650002000178650001900198650001800217773001600235180718b2003 xxu||||| |||| 00| 0 eng d aCohen, Jeffrey A. aManaged care and the evolving role of the clinical social worker in mental health c2003 ap.34-43. aJun aHealth services aSocial workers aMental health aSocial Work